000 00950nam a2200277Ia 4500
008 130821s1999 ag gr spa
020 _a9508941766
040 _aCo-BoUCM
_bspa
041 0 0 _aspa
245 1 0 _aTratado teórico práctico de fideicomiso
_cDirectora Beatriz Maury de González
260 _aBuenos Aires (Argentina)
_bAd-hoc
_c1999
300 _a411 páginas
504 _aIncluye índice
650 0 4 _aDerecho comercial
_912717
650 0 4 _aDerecho comercial
_zArgentina
_912717
650 0 4 _aDerecho financiero
_912768
650 0 4 _aDerecho financiero
_zArgentina
_912768
650 0 4 _aFideicomiso
_915683
650 0 4 _aFideicomiso
_xLegislación
_zArgentina
_915683
650 0 4 _aFideicomiso
_zArgentina
_915683
650 0 4 _aLegislación
_97782
651 _aArgentina
_9442
700 1 _aMaury de González, Beatriz.
_eComp
_9157904
942 _cLIBRO
_a8
_e1
_mT776
_2DEWEY
_h346.059
999 _c29739
_d29739